High-impact instruction a framework for great teaching

Guardat en:
Dades bibliogràfiques
Autor principal: KNIGHT, Jim
Format: Llibre
Idioma:anglès
Publicat: Corwin Press 2013
Etiquetes: Afegir etiqueta
Sense etiquetes, Sigues el primer a etiquetar aquest registre!

MARC

LEADER 00000nam a22000007a 4500
008 210120b ||||| |||| 00| 0 eng d
020 |a “It includes bibliographical references and index”. 
100 |a KNIGHT, Jim 
245 |a High-impact instruction  |b a framework for great teaching  |c Jim Knight  |g xvii, 371p.: ill. 
260 |b Corwin Press  |c 2013  |h Thousand Oaks, California  |i 692828   |i 692829  |l LB1025.3 K74  |m Teaching – Methodology  |m Professional learning communities  |m School improvement programs 
500 |a “It includes bibliographical references and index”. 
942 |a lcc  |c BK  |e O.A.JOHNSON  |f 20/01/21 
952 |0 0  |1 0  |2 lcc  |4 0  |6 LB10253 K74  |7 0  |9 1266  |a ED  |b HOL  |d 2021-01-20  |l 0  |o LB1025.3 K74  |p 2021-0080  |r 2021-01-20 00:00:00  |w 2021-01-20  |y BK 
952 |0 0  |1 0  |2 lcc  |4 0  |6 LB10253 K74  |7 0  |9 1267  |a HOL  |b HOL  |d 2021-01-20  |l 0  |o LB1025.3 K74  |p 2021-0081  |r 2021-01-20 00:00:00  |w 2021-01-20  |y BK 
999 |c 658  |d 658